| 000 | 01128nam a2200313 a 4500 | ||
|---|---|---|---|
| 001 | 000115933 | ||
| 003 | CHAP | ||
| 005 | 20220329144554.0 | ||
| 008 | 190819s2019 mx a |sm |||||||spa d | ||
| 010 | _a112394 | ||
| 011 | _a113366 | ||
| 040 | _cCHAP | ||
| 090 | _aTesis | ||
| 100 | 1 |
_aSaavedra Jiménez, Luis Antonio. _9101079 |
|
| 245 | 1 | 0 |
_aVariabilidad genética de ácidos grasos y fracciones nitrogenadas en leche de bovinos _h[En línea] _cpor Luis Antonio Saavedra Jiménez. |
| 260 |
_aChapingo, Méx. : _bEl autor, _c2019. |
||
| 500 | _aPara ver el contenido del material haga clic en la liga | ||
| 502 | _aTesis (PhD. en Ciencias en Inovación Ganadera) -- UACH. Departamento de Zootecnia | ||
| 590 |
_aE6339RRR _b05 _c20190819 _lUCH01 _h1244 |
||
| 590 |
_aE6339RRR _b05 _c20190819 _lUCH01 _h1245 |
||
| 650 | 1 | 4 |
_aÁcidos grasos _xAnálisis. _9130598 |
| 650 | 1 | 4 |
_aGanado lechero _xGenética. _945267 |
| 650 | 1 | 4 |
_aLeche _xCalidad. _965362 |
| 650 | 1 | 4 |
_aLeche _xComposición. _965363 |
| 856 |
_aFinding aid _uhttp://10.13.5.2/tesis/sist115933.pdf _zTeclea aquí |
||
| 901 | _aBK | ||
| 942 | _cTESIS | ||
| 942 | _n0 | ||
| 999 |
_c112394 _d112394 |
||